| 000 | 00935nam a2200277Ia 4500 | ||
|---|---|---|---|
| 003 | OSt | ||
| 005 | 20220918170855.0 | ||
| 006 | a|||||r|||| 00| 0 | ||
| 007 | ta | ||
| 008 | 220917b |||||||| |||| 00| 0 eng d | ||
| 020 |
_a9780754652908 (hbk) _c4393.94 |
||
| 024 | _a240,425 | ||
| 037 |
_b28079, 30/07/2009, Segment Book Distributors _cTextual |
||
| 040 |
_aARTS _cARTS _beng |
||
| 041 |
_2eng _aeng |
||
| 082 | _aN1,M, P9 | ||
| 100 |
_aCole Michael W. Ed. _931901 |
||
| 245 | 0 |
_aIdol in the age of art _b Objects, devotions and the early modern world |
|
| 260 |
_aEngland _bAshgate Publishing Limited UK _c2009 |
||
| 300 |
_axix,356p. _ccm. |
||
| 490 | _aSt. Andrews studies in reformation history | ||
| 650 | _aARTS | ||
| 700 |
_a Zorach Rebecca Ed. _931902 |
||
| 942 |
_hN1,M, P9 _cTEXL _2CC |
||
| 999 |
_c136392 _d136392 |
||